000 01052cam a22003617a 4500
003 CHAP
005 20220817043122.0
008 971013s1987 r 00010 d
010 _a66201
011 _a67173
035 _a76643
040 _cCHAP
082 _a632.95
_bF33f
110 _aFAO
245 0 _aLegislation sur l'etiquetage des pesticides
260 _aRome :
_bFAO,
_c1987
300 _a165 p.
410 _aFAO
490 0 _aEstudios legislativos
_v;43
590 _aBATCH-UPD
_b10
_c20130110
_lUCH01
_h0159
590 _aBATCH-UPD
_b10
_c20130110
_lUCH01
_h0740
590 _aBATCH-UPD
_b10
_c20130409
_lUCH01
_h2205
590 _aBATCH-UPD
_b10
_c20130914
_lUCH01
_h1329
590 _aCONVERSION
_b10
_c20130109
_lUCH01
_h1336
650 1 4 _aPesticidas
_xEtiquetado.
_987557
650 1 4 _aPesticidas
_xLeyes.
_987561
700 0 _aGonzález Vaqué, Luis.
_949473
810 0 _aFAO
830 0 0 _aEstudios legislativos
_v;43
_938550
901 _aBK
942 _cLIBRO
949 _a632.95 F33f
_bBC
_cFAO
_d-29499
_eFAO1
_h74502
_i76643
_si
999 _c66201
_d66201